Nuevo Amanecer 2 : (Record no. 10403)

000 -CABECERA
fixed length control field 00583nam a22001817a 4500
003 - IDENTIFICADOR DEL NÚMERO DE CONTROL
control field AR-CdUCM
008 - DATOS DE LONGITUD FIJA--INFORMACIÓN GENERAL
fixed length control field 190401b ||||| |||| 00| 0 spa d
040 ## - FUENTE DE LA CATALOGACIÓN
Agencia/entidad que catalogó originalmente la obra MUNICIPALIDAD PROVINCIAL DEL CUSCO
Entidad que transcribió la catalogación BIBLIOTECA MUNICIPAL DEL CUSCO
082 ## - NÚMERO DE LA CLASIFICACIÓN DECIMAL DEWEY
No. de Clasificación EP / 372.036 /
Notacion interna N29
245 ## - MENCIÓN DE TÍTULO
Título Nuevo Amanecer 2 :
Resto del título Enciclopedia Escolar /
260 ## - PUBLICACIÓN, DISTRIBUCIÓN, ETC.
Lugar de publicación, distribución, etc. Lima :
Nombre de la editorial, distribuidor, etc. Editorial Navarrete,
300 ## - DESCRIPCIÓN FÍSICA
Nº de Páginas Extensión 352 paginas ;
Dimensiones 27 cm.
505 ## - NOTA DE CONTENIDO CON FORMATO
Nota de contenido formateada Contenido :Naturaleza comunidad y trabajo /
650 ## - PUNTO DE ACCESO ADICIONAL DE MATERIA--TÉRMINO DE MATERIA
Descriptor Educación primaria
9 (RLIN) 1561
700 ## - PUNTO DE ACCESO ADICIONAL--NOMBRE DE PERSONA
Nombre Personal Luis Navarrete L.
9 (RLIN) 27238
942 ## - ELEMENTOS DE PUNTO DE ACCESO ADICIONAL (KOHA)
Fuente de clasificación
Tipo de item Libros-BMC
945 ## - PROCESAMIENTO DE INFORMACIÓN LOCAL (OCLC)
Catalogador rjall
Holdings
Estado de retiro (separado) Fuente de clasificación o esquema de estanterías Estado dañado Ubicación Sala donde se ubica Nombre de la colección Fecha de adquisición o compra Información codificada de la localización en otra ubicación Costo, precio normal en soles Signatura topográfica Código de Barras Última vez visto (Koha) Tipo de ítem (Koha)
No     Sala de Infantes Sala de Infantes Book Cart 2019-04-01 001305 20.00 EP / 372.036 / N29 SI00000634 2019-04-01 Libros-BMC
No     Sala de Infantes Sala de Infantes Book Cart 2019-04-01 001306 20.00 EP / 372.036 / N29 / e.2 SI00000635 2019-04-01 Libros-BMC
No     Sala de Infantes Sala de Infantes Book Cart 2019-04-01 001306 20.00 EP / 372.036 / N29 / e.3 SI00001501 2019-04-08 Libros-BMC

Powered by Koha